A Szegedért Alapítvány díjai
Elmentve itt :
| Dokumentumtípus: | Cikk |
|---|---|
| Megjelent: |
2000-02-22
|
| Sorozat: | Délmagyarország
90 No. 44 |
| Kulcsszavak: | Mészáros Rezső, tudományos kuratórium díja, Kovács László társadalmi-állampolgári kuratórium díja |
| Online Access: | http://dmarchiv.bibl.u-szeged.hu/80685 |
| LEADER | 00498nab a2200145 i 4500 | ||
|---|---|---|---|
| 001 | delm80685 | ||
| 005 | 20191030090128.0 | ||
| 008 | 191030s2000 hu o 0|| hun d | ||
| 040 | |a SZTE Délmagyarország Archívum |b hun | ||
| 041 | |a hun | ||
| 245 | 0 | 2 | |a A Szegedért Alapítvány díjai |h [elektronikus dokumentum] |
| 260 | |c 2000-02-22 | ||
| 300 | |a 1 | ||
| 490 | 0 | |a Délmagyarország |v 90 No. 44 | |
| 695 | |a Mészáros Rezső, tudományos kuratórium díja, Kovács László társadalmi-állampolgári kuratórium díja | ||